000
00288nam a22001337a 4500
008
170627b xxu||||| |||| 00| 0 eng d
020
_a
032136466-X
041
_a
eng
080
_2
7TH
_a
5
100
_a
21
101
_a
GJL
245
_a
WRITING ARGUMENTS
_c
RAMAGE,J.D
942
_2
udc
_c
BK
999
_c
19205
_d
19205